[Event "Tashkent New Year-B"]
[Site "Tashkent"]
[Date "2010.12.22"]
[Round "2"]
[White "Gevorgyan, Irina"]
[Black "Palvanov, Dilshod"]
[Result "1/2-1/2"]
[WhiteElo "2134"]
[BlackElo "2039"]
[PlyCount "102"]
[EventDate "2010.12.21"]
[EventType "swiss"]
[EventRounds "9"]
[EventCountry "UZB"]
[SourceTitle "EXT 2013"]
[Source "ChessBase"]
[SourceDate "2012.11.22"]
[SourceVersion "1"]
[SourceVersionDate "2012.11.22"]
[SourceQuality "1"]

1. Nf3 Nf6 2. d4 d5 3. c4 c6 4. e3 g6 5. Nc3 Bg7 6. Bd3 0-0 7. 0-0 Bg4 8. h3 Bxf3 9. Qxf3 e6 10. Bd2 Nbd7 11. Rad1 Qc7 12. Bc1 Rad8 13. Rfe1 dxc4 14. Bxc4 b5 15. Bb3 a6 16. e4 c5 17. Bf4 Qb6 18. dxc5 Nxc5 19. Be3 Rxd1 20. Bxd1 Qc7 21. Bf4 Qc6 22. a3 Nfd7 23. Bc2 Nb6 24. Rd1 Nc4 25. Bc1 Nd7 26. Bb3 Ndb6 27. Qd3 Bf6 28. Qf3 Be5 29. Qe2 Qc5 30. Bxc4 Nxc4 31. Na2 a5 32. b4 axb4 33. Nxb4 Bg7 34. Nd3 Qb6 35. Nb4 Rc8 36. Kh1 h5 37. f4 Rd8 38. Rxd8+ Qxd8 39. Qd3 Qxd3 40. Nxd3 Bf8 41. Nb4 Bxb4 42. axb4 Nd6 43. e5 Nc4 44. g3 Kf8 45. Kg2 Ke7 46. Kf3 Kd7 47. Ke4 Kc6 48. Kd4 Nb6 49. Bd2 Nd5 50. Ke4 Ne7 51. Be1 Nf5 1/2-1/2